000 01490cam a2200349 a 4500
001 EDZ0000072241
003 StDuBDS
005 20161031105159.0
006 m||||||||d||||||||
007 cr |||||||||||
008 120412s2007 enka fo| 000|0|eng d
020 _a9781446214435 (ebook) :
_cNo price
040 _aStDuBDS
_beng
_cStDuBDS
_epn
049 _aAlfaisal Main Library
050 4 _aLB1731.4
082 0 4 _a371.102
_223
100 1 _aAllen, Pamela.
245 1 0 _aResources for learning mentors
_h[electronic resource] :
_bgroup work activities for working with vulnerable children, white working class boys, teenage girls, and a course to promote mental health and wellbeing /
_cPamela Allen.
260 _aLondon :
_bPaul Chapman,
_c2007.
300 _a1 online resource (x, 117 p.) :
_bill.
500 _a"A Lucky Duck book".
504 _aIncludes bibliographical references.
520 8 _aThe author provides a resource designed to help develop preventative approaches for learning mentors to work and deal effectively with the emotional needs of vulnerable young people.
521 _aSpecialized.
588 _aDescription based on print version record.
650 0 _aMentoring in education
_zGreat Britain.
655 7 _aElectronic books.
_2local
710 2 _aSage eBooks
776 0 8 _iPrint version :
_z9781412930895
856 4 0 _uhttp://ezproxy.alfaisal.edu/login?url=http://sk.sagepub.com/books/resources-for-learning-mentors
942 _2lcc
_cEBOOKS
999 _c481102
_d481102